00718 2200229 4500001002100000005001700021008004100038035002400079082001100103090002200114100002100136245011500157260002800272300003000300500008000330500002800410650001100438850000900449985000600458986000900464999001500473YOGYA-0209000007219620090227093615.0 ind  0010-020900000072196 a634.65 a634.65bWid PlSK aWIDIASTUTI, Heny aPengaruh pupuk dau terhadap sambung dini beberapa varietas durianbDurio Zibethinus Murrcoleh Heny Widiastuti aYogyakartab[s.n]c1996 axiii,75lembarbilusc30cm aSkripsi Fakultas pertanian Universitas Sarjana Wiyata Tamansiswa Yogyakarta aBibiografi;lembar 54-55 aDurian aBPAD a1 aHeru a08A0036162